Statistics for Counting In Vietnamese

Click here to take the quiz!

General Stats

  • This quiz has been taken 26 times
  • The average score is 9 of 10

Answer Stats

EnglishNumeralVietnamese% Correct
Three3Ba
100%
Nine9Chín
100%
Two2Hai
100%
One1Một
100%
Eight8Tám
100%
Four4Bốn
90%
Seven7Bảy
90%
Five5Năm
90%
Six6Sáu
80%
Zero0Số Không
30%

Score Distribution

Percentile by Number Answered

Percent of People with Each Score

Your Score History

You have not taken this quiz